Life, the science of biology / (Record no. 35139)
[ view plain ]
| 000 -LEADER | |
|---|---|
| fixed length control field | 01040cam a22002774a 4500 |
| 001 - CONTROL NUMBER | |
| control field | 13367083 |
| 003 - CONTROL NUMBER IDENTIFIER | |
| control field | OSt |
| 005 - DATE AND TIME OF LATEST TRANSACTION | |
| control field | 20220418140757.0 |
| 008 - FIXED-LENGTH DATA ELEMENTS--GENERAL INFORMATION | |
| fixed length control field | 031008s2004 mauab 001 0 eng |
| 010 ## - LIBRARY OF CONGRESS CONTROL NUMBER | |
| LC control number | 2003022294 |
| 020 ## - INTERNATIONAL STANDARD BOOK NUMBER | |
| International Standard Book Number | 0716798565 (hardcover) |
| 040 ## - CATALOGING SOURCE | |
| Original cataloging agency | DLC |
| Transcribing agency | HU |
| Modifying agency | DLC |
| 042 ## - AUTHENTICATION CODE | |
| Authentication code | pcc |
| 050 00 - LIBRARY OF CONGRESS CALL NUMBER | |
| Classification number | QH308.2 |
| Item number | .L565 2004 |
| 082 00 - DEWEY DECIMAL CLASSIFICATION NUMBER | |
| Classification number | 570 |
| Edition number | 22 |
| 245 00 - TITLE STATEMENT | |
| Title | Life, the science of biology / |
| Statement of responsibility, etc. | William K. Purves ... [et al.]. |
| 250 ## - EDITION STATEMENT | |
| Edition statement | 7th ed. |
| 260 ## - PUBLICATION, DISTRIBUTION, ETC. | |
| Place of publication, distribution, etc. | Sunderland, Mass. : |
| Name of publisher, distributor, etc. | Sinauer Associates ; |
| Place of publication, distribution, etc. | Gordonsville, VA : |
| Name of publisher, distributor, etc. | W.H. Freeman and Co., |
| Date of publication, distribution, etc. | c2004. |
| 300 ## - PHYSICAL DESCRIPTION | |
| Extent | 1 v. (various paging) : |
| Other physical details | col. ill., col. maps ; |
| Dimensions | 29 cm. |
| 650 #0 - SUBJECT ADDED ENTRY--TOPICAL TERM | |
| Topical term or geographic name entry element | Biology. |
| 9 (RLIN) | 3398 |
| 700 1# - ADDED ENTRY--PERSONAL NAME | |
| Personal name | Purves, William K. |
| Fuller form of name | (William Kirkwood), |
| Dates associated with a name | 1934- |
| 9 (RLIN) | 9847 |
| 856 41 - ELECTRONIC LOCATION AND ACCESS | |
| Materials specified | Table of contents |
| Uniform Resource Identifier | <a href="http://www.loc.gov/catdir/toc/ecip0410/2003022294.html">http://www.loc.gov/catdir/toc/ecip0410/2003022294.html</a> |
| 906 ## - LOCAL DATA ELEMENT F, LDF (RLIN) | |
| a | 7 |
| b | cbc |
| c | orignew |
| d | 1 |
| e | ecip |
| f | 20 |
| g | y-gencatlg |
| 942 ## - ADDED ENTRY ELEMENTS (KOHA) | |
| Source of classification or shelving scheme | Dewey Decimal Classification |
| Koha item type | Books like text book referance book |
| Suppress in OPAC | No |
| Withdrawn status | Lost status | Source of classification or shelving scheme | Damaged status | Not for loan | Collection code | Home library | Current library | Shelving location | Date acquired | Total Checkouts | Full call number | Barcode | Date last seen | Copy number | Price effective from | Koha item type |
|---|---|---|---|---|---|---|---|---|---|---|---|---|---|---|---|---|
| Dewey Decimal Classification | Reference | Wondo Genet Library | Wondo Genet Library | General Stacks | 04/18/2022 | 670 LIF 2004 | WGCFNRL00019703 | 04/18/2022 | 1 | 04/18/2022 | Books like text book referance book | |||||
| Dewey Decimal Classification | Reference | Wondo Genet Library | Wondo Genet Library | General Stacks | 04/18/2022 | 670 LIF 2004 | WGCFNRL00019704 | 04/18/2022 | 2 | 04/18/2022 | Books like text book referance book |